Crosscurrents : (Record no. 9974)

MARC details
000 -LEADER
fixed length control field 00640nam a22001817a 4500
003 - CONTROL NUMBER IDENTIFIER
control field OSt
005 - DATE AND TIME OF LATEST TRANSACTION
control field 20260428005310.0
008 - FIXED-LENGTH DATA ELEMENTS--GENERAL INFORMATION
fixed length control field 260428b |||||||| |||| 00| 0 eng d
020 ## - INTERNATIONAL STANDARD BOOK NUMBER
International Standard Book Number 9717194400
040 ## - CATALOGING SOURCE
Original cataloging agency DWCL Main Lib.
Transcribing agency OC
082 ## - DEWEY DECIMAL CLASSIFICATION NUMBER
Classification number Fil. 400 M112c 2014
100 ## - MAIN ENTRY--PERSONAL NAME
Personal name Mabutin-Mangaoang, Josefine
245 ## - TITLE STATEMENT
Title Crosscurrents :
Remainder of title developing global English skills for the 21st century : grade 9 /
Statement of responsibility, etc. Josefine Mabutin-Mangaoang
260 ## - PUBLICATION, DISTRIBUTION, ETC.
Place of publication, distribution, etc. Marikina City :
Name of publisher, distributor, etc. Instructural Coverage System Publishing,
Date of publication, distribution, etc. c2014.
300 ## - PHYSICAL DESCRIPTION
Extent 395 pages :
Other physical details illustrations ;
Dimensions 26cm.
650 ## - SUBJECT ADDED ENTRY--TOPICAL TERM
Topical term or geographic name entry element 1. English--Study and teaching.
942 ## - ADDED ENTRY ELEMENTS (KOHA)
Source of classification or shelving scheme Dewey Decimal Classification
Koha item type Book-Filipiniana
Suppress in OPAC No
952 ## - LOCATION AND ITEM INFORMATION (KOHA)
--
Holdings
Withdrawn status Lost status Source of classification or shelving scheme Damaged status Not for loan Home library Current library Shelving location Date acquired Source of acquisition Total Checkouts Full call number Barcode Date last seen Copy number Price effective from Koha item type Uniform Resource Identifier
    Dewey Decimal Classification     Junior High School Library Junior High School Library Filipiniana 07/02/2016 Evaluation copy   Fil. 400 M112c 2014 JHS - 18089 04/28/2026 c1 04/28/2026 BK - FIL